Fyzika tuhých látok

Bibliographic Details
Main Author: Mudroň, Ján, 1949- (Author)
Format: Book
Language:Slovak
PhysicalDescription:456 strán vzorce 30 cm
Published: Liptovský Mikuláš VVTŠ ČSSP 1987
Edition:1. vydanie
Subjects:

MARC

LEADER 00000cam a2200000 4500
001 vtls008914026
003 SK-MaSNL
005 20260301170038.0
008 220509s1987 xo l grnp 000 0 slo
015 |a SNBA1987 
020 |q (brožované) 
035 |a LMAOSK12966 
035 |a urn:nbn:sk:snk-am3j6np 
035 |a DB53EB1D-F208-45F7-9611-1F4A9D9F9C37 
035 |a urn:nbn:sk:snk-am00gmb8 
040 |a SNK  |b slo  |c SNK  |e rda 
041 0 |a slo 
044 |a xo  |c SK 
072 7 |a 544  |x Fyzikálna chémia  |2 konspekt 
080 |a 544.22/.23  |2 2011 
080 |a 53  |2 2011 
080 |a (075.8)  |2 2011 
100 1 |a Mudroň, Ján,  |d 1949-  |4 aut  |9 256099 
245 1 0 |a Fyzika tuhých látok  |c Ján Mudroň 
250 |a 1. vydanie 
264 1 |a Liptovský Mikuláš  |b VVTŠ ČSSP  |c 1987 
300 |a 456 strán  |b vzorce  |c 30 cm 
336 |a text  |b txt  |2 rdacontent 
337 |a bez média  |b n  |2 rdamedia 
338 |a zväzok  |b nc  |2 rdacarrier 
504 |a Obsahuje bibliografiu 
650 0 7 |a tuhé látky  |2 SNKPH  |9 3539 
650 0 7 |a fyzika  |2 SNKPH  |9 816 
650 0 7 |a Solids  |2 SNKPHeng  |9 489748 
650 0 7 |a Physics  |2 SNKPHeng  |9 266045 
655 7 |a učebnice vysokých škôl  |2 SNKPH  |9 70191 
655 7 |a Textbooks (higher)  |2 SNKPHeng  |9 276436 
710 2 |a Akadémia ozbrojených síl generála Milana Rastislava Štefánika v Liptovskom Mikuláši.  |b Akademická knižnica  |4 pbl  |9 183672 
954 |a odborná, vedecká literatúra pôvodná (slovenská)  |2 lita 
958 |a NB 
958 |a OND 
999 |c 826287  |d 828217 
952 |a SNK  |b SNK  |y PREZ  |7 0  |p 17A1443328  |o snkSB 96039  |i snk2020/19608  |8 7  |0 0  |1 0  |4 0  |d 2020-10-23  |f 1  |l 0  |r 2025-05-19 00:00:00  |w 2026-02-24 
952 |a SNK  |b SNK  |y VYP  |7 0  |p 17A1443327  |o snkSB 96039 D1  |i snk2020/19609  |8 7  |0 0  |1 0  |4 0  |d 2020-10-23  |l 0  |r 2026-02-24 03:21:23  |w 2026-02-24